00779naa a2200253 a 450000100080000000500110000800800410001910000230006024501080008326000090019165300270020065300130022765300230024065300140026365300140027770000220029170000230031370000250033670000200036170000170038170000170039870000260041577300840044110816342011-11-01 1999 bl uuuu u00u1 u #d1 aOLIVEIRA, E. R. de aDesempenho de novilhos confinados alimentados com cama de frangos usando como substrato casca de caf??. c1999 aBovino em confinamento aCarca??a aN??vel nutricional aPeso vivo aSubstrato1 aANDRADE, I. F. de1 aPAIVA, P. C. de A.1 aREZENDE, C. A. P. de1 aBARCELOS, A. F.1 aMUNIZ, J. A.1 aBANYS, V. L.1 aFREITAS, P. M. R. de. tCi??ncia e Agrotecnologia, Lavras, MGgv. 23, n. 1, p. 187-196, jan./mar. 1999.